NPB MVP投票2-5位 - Statistics

General Stats
  • This quiz has been taken 30 times
  • The average score is 97 of 193
Answer Stats
順位 Answer % Correct
4 坂本勇人
83%
5 坂本勇人
83%
4 坂本勇人
83%
3 山川穂高
83%
3 山川穂高
83%
2024 2 山川穂高
83%
2020 2 岡本和真
78%
4 岡本和真
78%
2024 2 岡本和真
78%
3 中村剛也
78%
5 中村剛也
78%
3 中村剛也
78%
5 浅村栄斗
78%
2014 2 柳田悠岐
78%
2017 2 柳田悠岐
78%
2018 2 浅村栄斗
78%
4 柳田悠岐
78%
2019 2 中村剛也
78%
5 浅村栄斗
78%
5 柳田悠岐
78%
4 森友哉
78%
5 和田一浩
74%
2011 2 田中将大
74%
3 阿部慎之助
70%
3 金本知憲
70%
5 金本知憲
70%
5 阿部慎之助
70%
5 阿部慎之助
70%
3 阿部慎之助
70%
2014 2 山田哲人
70%
3 菅野智之
70%
4 菅野智之
70%
5 山田哲人
70%
2021 2 山田哲人
70%
4 ダルビッシュ有
70%
5 ダルビッシュ有
70%
3 吉田正尚
70%
2022 2 吉田正尚
70%
2023 2 近藤健介
70%
2008 2 小笠原道大
65%
4 内川聖一
65%
2009 2 小笠原道大
65%
2011 2 吉見一起
65%
4 長野久義
65%
3 鈴木誠也
65%
4 鈴木誠也
65%
3 鈴木誠也
65%
4 鈴木誠也
65%
5 鈴木誠也
65%
3 高橋由伸
61%
2010 2 浅尾拓也
61%
5 ラミレス
61%
5 杉内俊哉
61%
2013 2 村田修一
61%
5 筒香嘉智
61%
3 丸佳浩
61%
5 丸佳浩
61%
5 才木浩人
61%
5 和田毅
61%
3 松坂大輔
61%
3 松坂大輔
61%
2010 2 杉内俊哉
61%
5 和田毅
61%
5 松田宣浩
61%
4 和田毅
61%
2002 2 上原浩治
57%
5 福留孝介
57%
4 古田敦也
57%
2005 2 藤川球児
57%
2006 2 川上憲伸
57%
5 藤川球児
57%
2007 2 上原浩治
57%
5 藤川球児
57%
3 内海哲也
57%
2012 2 内海哲也
57%
5 ブランコ
57%
4 牧秀悟
57%
2023 2 近本光司
57%
3 大山悠輔
57%
4 森下翔太
57%
2002 2 松井稼頭央
57%
3 松中信彦
57%
2005 2 松中信彦
57%
2015 2 秋山翔吾
57%
4 サファテ
57%
3 秋山翔吾
57%
4 秋山翔吾
57%
3 モイネロ
57%
2021 2 杉本裕太郎
57%
4 宮城大弥
57%
5 宮城大弥
57%
3 有原航平
57%
4 モイネロ
57%
2004 2 立浪和義
52%
3 ウッズ
52%
2016 2 菊池涼介
52%
3 戸郷翔征
52%
2025 2 石井大智
52%
3 村上頌樹
52%
2004 2 城島健司
52%
5 岩隈久志
52%
2008 2 中島裕之
52%
3 糸井嘉男
52%
3 大谷翔平
52%
5 糸井嘉男
52%
3 大谷翔平
52%
3 中田翔
52%
5 千賀滉大
52%
2020 2 千賀滉大
52%
5 伊藤大海
52%
4 伊藤大海
52%
4 岩瀬仁紀
48%
3 マートン
48%
5 谷繁元信
48%
2015 2 川端慎吾
48%
5 石川雅規
48%
4 井口資仁
48%
4 菊池雄星
48%
5 菊池雄星
48%
2025 2 レイエス
48%
5 赤星憲広
43%
5 赤星憲広
43%
4 山口鉄也
43%
3 山口鉄也
43%
3 西岡剛
43%
2012 2 攝津正
43%
4 則本昂大
43%
3 牧原大成
43%
4 今岡誠
39%
3 今岡誠
39%
2018 2 大瀬良大地
39%
5 ソト
39%
2003 2 斉藤和巳
39%
4 斉藤和巳
39%
2006 2 斉藤和巳
39%
3 成瀬善久
39%
4 山崎武司
39%
4 SHINJO
39%
5 SHINJO
39%
4 前田健太
35%
3 メッセンジャー
35%
4 畠山和洋
35%
5 田中広輔
35%
4 吉川尚輝
35%
5 オースティン
35%
4 西口文也
35%
3 渡辺俊介
35%
5 ズレータ
35%
2007 2 稲葉篤紀
35%
5 片岡易之
35%
2009 2 稲葉篤紀
35%
4 稲葉篤紀
35%
2003 2 矢野輝弘
30%
4 下柳剛
30%
3 グライシンガー
30%
4 西村健太朗
30%
4 野村祐輔
30%
2019 2 山口俊
30%
5 塩見泰隆
30%
4 岩崎優
30%
5 森本稀哲
30%
2013 2 長谷川勇也
30%
5 デスパイネ
30%
3 頓宮裕真
30%
4 桑田真澄
26%
3 山本昌広
26%
4 高橋尚成
26%
3 バーネット
26%
2022 2 青柳晃洋
26%
3 武田久
26%
3 マギー
26%
2016 2 レアード
26%
5 西川遥輝
26%
3 東浜巨
26%
3 ゴンザレス
22%
2017 2 薮田和樹
22%
3 大野雄大
22%
4 多村仁志
22%
4 本多雄一
22%
4 佐々木朗希
22%
5 杉山一樹
22%
5 東克樹
17%
3 豊田清
17%
4 五十嵐亮太
17%
5 嶋重宣
13%
3 マクガフ
13%
4 鉄平
13%
4 森唯斗
13%
5 益田直也
13%
4 MICHEAL
13%
4 呉昇桓
9%
3 清水昇
9%
5 増井浩俊
9%
No matching quizzes found
Score Distribution
Percent of People with Each Score
Percentile by Number Answered
Your Score History
You have not taken this quiz